| 000 | 00503nam a22001457a 4500 | ||
|---|---|---|---|
| 005 | 20251215201523.0 | ||
| 008 | 251215b |||||||| |||| 00| 0 eng d | ||
| 020 | _a9781479198993 | ||
| 050 | _aHT167.2 HEU | ||
| 100 | _aHeurkens, E. W. T. M. | ||
| 245 |
_aPrivate Sector-Led Urban Development Projects _bmanagement, partnerships & effects in the Netherlands and the UK _cE.W.T.M. Heurkens |
||
| 260 |
_aRotterdam _bSirene Ontwerpers _c2012 |
||
| 300 |
_a480p. _bill. some color _c24.5cm |
||
| 942 |
_2lcc _cBK _n0 |
||
| 999 |
_c8567 _d8567 |
||